| 000 | 01054nam a2200289 a 4500 | ||
|---|---|---|---|
| 001 | 25141 | ||
| 003 | CO-ViMGA | ||
| 008 | 141112s2004 ck r 000 u spa d | ||
| 015 | _aNNN | ||
| 020 | _a9786071502940 | ||
| 040 |
_aCO-ViMGA _bspa _cCO-ViMGA |
||
| 041 |
_aspa _beng |
||
| 082 | 0 | 4 | _a330 G841e 5a |
| 100 | 1 |
_aGujarati, Damodar N. _938301 |
|
| 245 | 1 | 0 | _aEconometría Damodar N. Gujarati, Dawn C. Porter ; revisión técnica Aurora Monroy Alarcón y José Héctor Cortés Fregoso ; traductora María del Pilar Carril Villareal |
| 250 | _a5a ed. | ||
| 260 | _aMéxico ; Bogotá ; Buenos Aires McGraw - Hill 2010. | ||
| 300 | _axxii, 921 p. ilustraciones, diagramas y gráficas 27 cm. | ||
| 504 | _aIncluye referencias bibliográficas (p. [902] - 903) e índices. | ||
| 541 | _70.400; 1 c. | ||
| 596 | _a2 | ||
| 650 | 1 | 4 | _aEconometría |
| 700 | 1 |
_aPorter, Dawn C. _938302 |
|
| 926 | _aB - GENERAL PRESTADO 330.18 G84E 2010 LIBRO 8/15/2013 1 | ||
| 942 |
_2ddc _cBK |
||
| 999 |
_c32770 _d32770 |
||